| 000 | 00568nam a22001817a 4500 | ||
|---|---|---|---|
| 005 | 20251108172552.0 | ||
| 008 | 250721s1990 xx 000 0 ara d | ||
| 082 | 1 | 4 | _a801.953/مرت |
| 100 | 1 |
_aمرتاض، عبدالملك _eمؤلف |
|
| 245 | 1 | 0 | _aفي نظرية الرواية : بحث في تقنيات السرد / |
| 264 | 1 |
_aالكويت : _bعالم المعرفة، _c1990. |
|
| 300 | _a351 ص. | ||
| 490 | 0 | _aعالم المعرفة | |
| 650 | 1 | 7 | _aالأدب العربي |
| 650 | 1 | 7 | _aالنقد الأدبي |
| 942 |
_2ddc _cBK |
||
| 999 |
_c82794 _d82794 |
||